[Event "30th ECC Open 2014"]
[Site "Bilbao ESP"]
[Date "2014.09.14"]
[Round "1.8"]
[White "Greenfeld, Alon"]
[Black "Hammerstad, Asmund"]
[Result "1-0"]
[WhiteTitle "GM"]
[BlackTitle "CM"]
[WhiteElo "2551"]
[BlackElo "2263"]
[WhiteTeam "Beer Sheva"]
[BlackTeam "Asker"]
[WhiteFideId "2800039"]
[BlackFideId "1502140"]
[EventDate "2014.09.14"]

1. Nf3 e6 2. g3 f5 3. Bg2 Nf6 4. O-O Be7 5. c4 O-O 6. Nc3 d6 7. b4 Ne4 8. Bb2
Bf6 9. Qc2 Nxc3 10. Bxc3 Bxc3 11. Qxc3 e5 12. c5 Qf6 13. d3 Nc6 14. b5 Nd8 15.
Nd2 Be6 16. f4 exf4 17. Qxf6 Rxf6 18. cxd6 cxd6 19. Rxf4 Bd7 20. Bd5+ Be6 21.
Bf3 Bd7 22. a4 Rc8 23. Rc4 Rxc4 24. Nxc4 Kf8 25. Ne3 a6 26. Nd5 Rf7 27. Nb6 axb5
28. Bd5 Re7 29. Nxd7+ Rxd7 30. axb5 Ke7 31. b6 Ne6 32. Kf2 Kf6 33. Ra7 Nd8 34.
d4 Re7 35. Ra8 Rd7 36. e3 Kg5 37. Rc8 Kf6 38. h4 g6 39. Rc7 Ke7 40. Kf3 h6 41.
Kf4 Nc6 42. Bxc6 bxc6 43. b7 1-0

[Event "30th ECC Open 2014"]
[Site "Bilbao ESP"]
[Date "2014.09.14"]
[Round "1.9"]
[White "Commercon, Simon"]
[Black "Naumann, Alexander"]
[Result "0-1"]
[BlackTitle "GM"]
[WhiteElo "2209"]
[BlackElo "2558"]
[WhiteTeam "The Smashing Pawns Belvaux"]
[BlackTeam "SG Solingen"]
[WhiteFideId "24620998"]
[BlackFideId "4623169"]
[EventDate "2014.09.14"]

1. d4 e6 2. c4 Nf6 3. g3 c5 4. d5 exd5 5. cxd5 d6 6. Bg2 b5 7. b4 Nbd7 8. Bb2
Bb7 9. Nh3 Nb6 10. bxc5 dxc5 11. e4 Na4 12. Qb3 Qa5+ 13. Bc3 Nxc3 14. Qxc3 Qxc3+
15. Nxc3 b4 16. Nb5 Rd8 17. Nxa7 c4 18. O-O Bc5 19. Nb5 Ng4 20. Rfc1 Ne5 21. Bf1
f5 22. Nc7+ Ke7 23. Bxc4 Rc8 24. Ne6 Nxc4 25. exf5 Bxd5 26. Nhf4 Bxe6 27. Re1
Rhe8 28. Nxe6 Kf6 29. Rac1 Bf8 30. g4 Nd2 31. Kg2 Rxc1 32. Rxc1 Ne4 33. Rc6 Kf7
34. Rb6 Be7 35. Rb7 Nc3 36. Ra7 Nb5 37. Rb7 Nc3 38. Ra7 Kg8 39. Nc7 Rc8 40. Kf3
Bc5 41. Rb7 Nxa2 42. Ne6 Bf8 43. g5 Nc1 44. Ke4 b3 45. h4 Rc4+ 46. Kd5 Rb4 47.
Rc7 b2 48. Rc8 Rb5+ 49. Kd4 Rxf5 50. Rb8 Rxf2 51. Ke3 Re2+ 52. Kd4 0-1

[Event "30th ECC Open 2014"]
[Site "Bilbao ESP"]
[Date "2014.09.16"]
[Round "3.8"]
[White "Steponavicius, Stasys"]
[Black "Nikitenko, Mihail"]
[Result "0-1"]
[WhiteElo "2186"]
[BlackElo "2226"]
[WhiteTeam "Margiris Kaunas"]
[BlackTeam "Minsk"]
[WhiteFideId "12800848"]
[BlackFideId "13506862"]
[EventDate "2014.09.14"]

1. d4 d5 2. c4 c6 3. Nf3 Nf6 4. Nc3 dxc4 5. a4 Bf5 6. e3 e6 7. Bxc4 Bb4 8. O-O
Nbd7 9. Qe2 Bg6 10. Rd1 Qc7 11. Bd3 Bh5 12. Ne4 Nxe4 13. Bxe4 Bd6 14. h3 g5 15.
g4 Bg6 16. Nxg5 Be7 17. Bxg6 hxg6 18. e4 Bxg5 19. Bxg5 f6 20. Be3 Rxh3 21. f4
Rh4 22. Bf2 Rh7 23. Bg3 O-O-O 24. Kg2 Rdh8 25. Rh1 Qb6 26. Rxh7 Rxh7 27. Qd2 a5
28. Rc1 f5 29. gxf5 gxf5 30. exf5 exf5 31. d5 Nf6 32. dxc6 Ne4 33. cxb7+ Kb8 34.
Qc2 Qxb7 35. Qc6 Rg7 36. Qe8+ Ka7 37. Qe5 Rxg3+ 38. Kf1 Qa6+ 39. Qb5 Qxb5+ 40.
axb5 Kb6 41. Rc6+ Kxb5 42. Re6 Rf3+ 43. Ke2 Rxf4 0-1

[Event "30th ECC Open 2014"]
[Site "Bilbao ESP"]
[Date "2014.09.17"]
[Round "4.1"]
[White "Bartel, Mateusz"]
[Black "Wang, Hao"]
[Result "1-0"]
[WhiteTitle "GM"]
[BlackTitle "GM"]
[WhiteElo "2636"]
[BlackElo "2730"]
[WhiteTeam "G-Team Novy Bor"]
[BlackTeam "SOCAR Azerbaijan"]
[WhiteFideId "1112635"]
[BlackFideId "8602883"]
[EventDate "2014.09.14"]

1. e4 c5 2. Nf3 Nc6 3. d4 cxd4 4. Nxd4 Nf6 5. Nc3 d6 6. Bc4 Bd7 7. O-O g6 8.
Nxc6 Bxc6 9. Bg5 Bg7 10. Nd5 O-O 11. Bxf6 Bxf6 12. Nxf6+ exf6 13. Qd3 Qb6 14.
Bb3 Rad8 15. Rfe1 Rfe8 16. Rad1 a5 17. Qc4 Rd7 18. a4 Kg7 19. h3 d5 20. exd5
Rxd5 21. Rf1 Ree5 22. Rd3 Rg5 23. g4 Rge5 24. Rfd1 Re2 25. Rf1 Ree5 26. Rfd1 Re2
27. Rf1 Rxd3 28. Qxf7+ Kh6 29. cxd3 Qd4 30. Bd1 Rxb2 31. Qf8+ Kg5 32. h4+ Kf4
33. Qh6+ Ke5 34. Qxh7 Kd6 35. Qxg6 Rd2 36. Qg8 Kc7 37. Qc4 Rxd3 38. Qxd4 Rxd4
39. Kh2 f5 40. h5 fxg4 41. Kg3 Kd8 42. h6 Rd6 43. h7 Rh6 44. Bc2 Ke7 45. Kxg4
Kf6 46. Rd1 Kg7 47. Rd8 Rxh7 48. Bxh7 Kxh7 49. Kf5 Bxa4 50. f4 Kg7 51. Rb8 b5
52. Kg5 b4 53. Rxb4 Kf8 54. Kf6 Ke8 55. Ke5 Kd8 56. Ke4 1-0

[Event "30th ECC Open 2014"]
[Site "Bilbao ESP"]
[Date "2014.09.18"]
[Round "5.8"]
[White "Schramm, Christian"]
[Black "Postny, Evgeny"]
[Result "0-1"]
[WhiteTitle "FM"]
[BlackTitle "GM"]
[WhiteElo "2401"]
[BlackElo "2641"]
[WhiteTeam "Royal Salzburg"]
[BlackTeam "Beer Sheva"]
[WhiteFideId "4612248"]
[BlackFideId "2804344"]
[EventDate "2014.09.14"]

1. d4 d5 2. c4 c6 3. cxd5 cxd5 4. Nc3 Nf6 5. Bf4 Nc6 6. e3 a6 7. h3 Bf5 8. Bd3
Bxd3 9. Qxd3 e6 10. Nf3 Be7 11. O-O O-O 12. Rfc1 Nd7 13. Ne5 Ndxe5 14. Bxe5 Rc8
15. Bg3 Na5 16. Rc2 Qd7 17. Rac1 h6 18. Nb1 Rxc2 19. Rxc2 Rc8 20. Rxc8+ Qxc8 21.
Qc3 Nc6 22. Nd2 Bb4 23. Qc2 Bxd2 24. Qxd2 Qd8 25. Qc3 Qb6 26. Bd6 Qb5 27. g4 Qa4
28. a3 Qd1+ 29. Kg2 h5 30. gxh5 Qxh5 31. Qc5 Qg5+ 32. Bg3 Qe7 33. Bd6 Qd7 34.
Bg3 f6 35. Qb6 e5 36. b4 exd4 37. exd4 Ne7 38. a4 Nf5 39. b5 axb5 40. axb5 Qe7
41. Qc5 Qe4+ 42. Kh2 Kh7 43. Qc7 Nxd4 44. Qxb7 f5 45. Qb8 Nf3+ 46. Kg2 Ne5+ 47.
Kf1 f4 48. Bxf4 Qxf4 49. b6 Qc4+ 50. Kg1 Nf3+ 51. Kg2 Nh4+ 52. Kh2 Qe4 53. Qg3
Nf5 54. Qc7 Qf3 55. Kg1 d4 56. b7 d3 57. b8=Q d2 58. Qc2 d1=Q+ 59. Qxd1 Qxd1+
60. Kg2 Qd5+ 61. Kg1 Nh4 62. Qg3 Qg5 63. Kh2 Qxg3+ 64. fxg3 Nf3+ 65. Kg2 Ne5 66.
Kf2 Kg6 67. Ke3 Kf5 68. Kd4 Nf3+ 69. Ke3 Ng1 70. Kd4 0-1

[Event "30th ECC Open 2014"]
[Site "Bilbao ESP"]
[Date "2014.09.20"]
[Round "7.6"]
[White "Gomez Esteban, Juan Mario"]
[Black "Faizrakhmanov, Ramil"]
[Result "1/2-1/2"]
[WhiteTitle "GM"]
[BlackTitle "FM"]
[WhiteElo "2451"]
[BlackElo "2344"]
[WhiteTeam "Sestao Naturgas Energia"]
[BlackTeam "Ladya"]
[WhiteFideId "2200163"]
[BlackFideId "24103209"]
[EventDate "2014.09.14"]

1. Nf3 Nf6 2. c4 e6 3. Nc3 d5 4. d4 Be7 5. Bf4 O-O 6. e3 b6 7. Bd3 c5 8. O-O Nc6
9. cxd5 exd5 10. Ne5 Bb7 11. Qf3 cxd4 12. Nxc6 Bxc6 13. exd4 g6 14. Rae1 Nh5 15.
Bh6 Ng7 16. Bb5 Bb7 17. Ba4 Bg5 18. Bxg7 Kxg7 19. Rd1 Qd6 20. Bb3 Rfd8 21. Ne4
Qf4 22. Nxg5 Qxg5 23. Rfe1 Qf6 24. Qxf6+ Kxf6 25. Rc1 Rac8 26. f3 a5 27. Kf2 Ba6
28. Rxc8 Rxc8 29. Bxd5 Rc2+ 30. Kg3 Rxb2 31. Rc1 Bb5 32. Rc7 Be8 33. Rb7 Rb4 34.
a3 Rxd4 35. Rxb6+ Kg7 36. Be4 f5 37. Bb1 Bf7 38. h4 Ra4 39. Rb7 Rxa3 40. Bc2 Kf6
41. Ra7 h6 42. h5 gxh5 43. Bxf5 Bb3 44. Kf4 Ra2 45. Ra6+ Ke7 46. Ke5 Re2+ 47.
Be4 a4 48. Ra7+ Kd8 49. g3 Re1 50. Kd6 Rd1+ 51. Kc5 Rd7 52. Ra8+ Ke7 53. Bc6 Rd3
54. Bxa4 Bxa4 55. Rxa4 Rxf3 56. Ra6 Rxg3 57. Rxh6 Rg5+ 58. Kd4 Kf7 59. Ke3 Kg7
60. Ra6 Rf5 61. Ra2 Kh6 62. Rf2 Ra5 63. Kf3 Kg5 64. Kg2 Kg4 1/2-1/2